000 00298nam a22001217a 4500
008 170615b xxu||||| |||| 00| 0 eng d
041 _aeng
080 _210 ED
_a32
100 _a20
101 _aSHP
245 _aPOLITICAL BEHAVIOR OF THE AMERICAN ELECTORATE
_cFLANIGAN.W.H
942 _2udc
_cBK
999 _c17636
_d17636